Dieter Krieg.

Disimpan dalam:
Butiran Bibliografi
Pengarang Utama: Krieg, Dieter, 1937-
Pengarang-pengarang Korporat: Galerie der Stadt Stuttgart., Staatliche Kunsthalle Baden-Baden., Von der Heydt-Museum.
Format: Buku
Bahasa:German
Diterbitkan: Baden-Baden : Staatliche Kunsthalle Baden-Baden, c1999.
Subjek-subjek:
Penanda-penanda: Tambah Penanda
Tiada Penanda, Jadilah orang pertama menanda rekod ini!
LEADER 01255nam a2200337 a 4500
001 008418924-X
005 20041216131727.0
008 040614s1999 gw a bc s000 0dger
010 |a  99519253  
020 |a 3875079779 
035 0 |a ocm53970584 
040 |a DSI-HMS  |c DSI-HMS  |d DLC  |d MH-FA 
042 |a lccopycat 
050 0 0 |a ND588.K8415  |b A4 1999 
090 |a ND588.K8415  |b A4 1999 
100 1 |a Krieg, Dieter,  |d 1937- 
245 1 0 |a Dieter Krieg. 
246 1 8 |a Staatliche Kunsthalle Baden-Baden Band 2, Dieter Krieg 
260 |a Baden-Baden :  |b Staatliche Kunsthalle Baden-Baden,  |c c1999. 
300 |a 112 p. :  |b col. ill. ;  |c 22 x 31 cm. 
500 |a "Band 2." 
500 |a Catalog of an exhibition held March 10-May 2, 1999 at Galerie der Stadt Stuttgart; July 3-Aug. 29, 1999 at Staatliche Kunsthalle Baden-Baden; and Oct. 31-Dec. 12, 1999 at Von der Heydt-Museum Wuppertal. 
504 |a Includes bibliographical references. 
600 1 0 |a Krieg, Dieter,  |d 1937-   |v Exhibitions. 
600 1 0 |a Krieg, Dieter,  |d 1937-2005  |v Exhibitions. 
655 7 |a Exhibition catalogs.  |2 fast 
710 2 |a Galerie der Stadt Stuttgart. 
710 2 |a Staatliche Kunsthalle Baden-Baden. 
710 2 |a Von der Heydt-Museum. 
988 |a 20040614 
906 |0 OCLC